[Event "3. Open Bohumin 2020"]
[Site "Bohumin"]
[Date "2020.07.20"]
[Round "3.12"]
[White "Maroszczyk, Wieslaw"]
[Black "Pilch, Roman"]
[Result "0-1"]
[WhiteElo "1867"]
[BlackElo "2164"]
[Annotator "TA"]
[PlyCount "86"]
[EventDate "2020.07.18"]
[EventType "swiss"]
[EventCountry "CZE"]
[SourceTitle "playchess.com"]
[Source "ChessBase"]
[SourceQuality "1"]

{[%evp 13,86,17,16,-11,6,-11,-4,-18,-26,-15,-10,-42,-31,-58,-46,-49,-57,-48,-10,-57,-53,-55,-49,-92,-93,-103,-97,-123,-120,-116,-120,-190,-162,-150,-118,-124,-119,-119,-70,-75,0,-107,-100,-104,-95,-97,-87,-93,-93,-93,-97,-90,-97,-143,-152,-170,-173,-242,-168,-303,-293,-297,-296,-514,-512,-441,-323,-688,-722,-660,-650,-12843,-12843,-29991,758]} 1. d4 Nf6 2. Nf3 c5 3. e3 g6 4. Bd3 Bg7 5. O-O O-O 6. c3 b6 7. Nbd2 Bb7 8. Qe2 {A47: 1 d4 Nf6 2 Nf3 b6: Torre, London and Colle Systems.} d6 9. Re1 Nc6 10. Ba6 {The position is equal.} Bxa6 11. Qxa6 {[#]} Qc8 $146 ({Predecessor:} 11... cxd4 12. Nxd4 Qd7 13. N2f3 d5 14. Bd2 Ne4 15. Rad1 Na5 16. Bc1 Rfd8 17. Qd3 e5 {0-1 (37) Horak,V (1961)-Konopka,M (2396) Marianske Lazne 2016}) 12. Qxc8 Rfxc8 13. dxc5 bxc5 14. e4 Nd7 15. Nc4 Rcb8 16. Bd2 Nb6 $36 {[%mdl 2048] Black has the initiative.} 17. Nxb6 $1 Rxb6 18. b3 a5 {[%cal Ba7a5,Ba5a4][%mdl 32]} 19. Rab1 Rab8 20. c4 {[#]} a4 $1 {[%cal Ra4b3][%mdl 512]} 21. Re3 (21. bxa4 Rxb1) 21... Bh6 22. Rd3 (22. Ree1 $17 Bxd2 23. Nxd2) 22... Bxd2 23. Nxd2 Nd4 24. Kf1 Kg7 25. f4 Nc2 26. Rc3 Nd4 ({Better is} 26... axb3 $17 27. Rcxb3 Rxb3 28. axb3 f5) 27. Kf2 (27. Rd3 $1 $11 {was the only way to keep the balance.}) 27... axb3 {White is now going downhill.} 28. axb3 Ra8 29. Rb2 Ra3 30. Re3 e5 31. fxe5 dxe5 32. Nf3 f6 33. Nxd4 exd4 $17 {[%mdl 4096] Endgame KRR-KRR} ({Don't play} 33... cxd4 34. Rf3 $17) 34. Rd3 Kf7 35. Ke2 (35. Rh3 {was necessary.}) 35... Rb4 36. g4 (36. Rh3 {was worth a try.}) 36... Ke6 $19 37. Kd2 Ke5 38. Rh3 $2 {[#]} (38. Kc2) 38... Rxc4 $1 {[%mdl 512]} 39. Rxh7 (39. bxc4 Rxh3) 39... Rb4 40. Re7+ $2 (40. Rc7 Kd6 41. Rc8) 40... Kd6 41. Rf7 c4 {[%cal Bc5c4,Bc4c3][%mdl 32] aiming for ...c3+.} 42. Kc1 c3 43. Rf2 Ra2 $4 {[%mdl 40960] Accuracy: White = 40%, Black = 77%. . Loss on time!?} (43... d3 44. e5+ {[#]} Ke6 $1 {[%mdl 512]} 45. R7xf6+ Kxe5 46. Rb2 Kxf6 47. g5+ Kg7 $1 {[%mdl 512]} 48. Kb1 Rf4 49. Rc2 Rf1+ 50. Rc1 Rxc1+ {[%mdl 64] Overworked Piece, Back Rank} 51. Kxc1 Ra1#) 0-1

[Event "3. Open Bohumin 2020"]
[Site "Bohumin"]
[Date "2020.07.20"]
[Round "3.13"]
[White "Gnojek, Petr"]
[Black "Stehlik, Jiri"]
[Result "1-0"]
[WhiteElo "2126"]
[BlackElo "1855"]
[Annotator "TA"]
[PlyCount "85"]
[EventDate "2020.07.18"]
[EventType "swiss"]
[EventCountry "CZE"]
[SourceTitle "playchess.com"]
[Source "ChessBase"]
[SourceQuality "1"]

{[%evp 16,85,48,46,51,24,34,23,38,35,27,16,46,50,99,97,117,111,139,129,135,101,102,106,110,99,167,138,192,189,217,193,221,204,248,245,409,389,459,395,390,314,339,341,307,292,263,170,275,278,359,351,346,258,248,234,238,228,252,248,245,243,329,310,781,757,741,681,738,728,1192,1175]} 1. d4 Nf6 2. c4 d6 3. Nc3 Nbd7 4. g3 e5 5. e3 Be7 6. Bg2 c6 7. Nge2 O-O 8. b3 Re8 9. O-O a6 {A53: Old Indian Defence without Nf3.} 10. a4 a5 11. Ba3 Bf8 {White has an edge.} 12. Qc2 Qc7 13. Rfd1 {[#]} Rb8 $146 ({Predecessor:} 13... exd4 14. Nxd4 Nc5 15. h3 Bd7 {½-½ (15) Gehmlich,M (2155)-Casper,T (2400) Germany 2004}) 14. Rd2 b6 15. Rad1 Bb7 {[#]} 16. d5 $1 c5 17. Nb5 {[%cal Bc3b5,Bb5a7,Ba7c6][%mdl 32]} Qd8 18. Na7 Ra8 19. Nc6 $36 {[%mdl 2048] White is on the roll.} Qc7 20. Nc3 Ba6 (20... Nb8 $16) 21. Bb2 g6 (21... Nb8 $16 22. Ne4 Nxe4 23. Bxe4 (23. Qxe4 Bc8 $16) 23... g6) 22. h3 $18 Bg7 23. g4 Bh6 24. Re2 Kf8 25. Qd2 g5 $2 (25... e4 26. Qc2 Bg7) 26. Qc2 Bg7 27. Qf5 h6 28. Rde1 Kg8 29. f4 Nh7 30. Ne4 ({Don't play} 30. Be4 $6 Ndf6 $18) 30... Bc8 31. fxg5 Ndf8 (31... Ndf6 {was called for.} 32. Nxf6+ Bxf6) 32. Qf2 hxg5 33. Rf1 {Strongly threatening Nxd6!} f6 34. Ng3 Ng6 35. Be4 Nh4 36. Qe1 Rf8 37. Ref2 Rf7 38. Qb1 Nf8 39. Nh5 Bh8 $2 (39... Bb7 40. Nxf6+ Bxf6) 40. Nxf6+ {White is clearly winning.} Rxf6 41. Rxf6 Bxf6 42. Rxf6 Kg7 {[#]} 43. Rxd6 $1 {[%mdl 512] Accuracy: White = 78%, Black = 40%.} 1-0

[Event "3. Open Bohumin 2020"]
[Site "Bohumin"]
[Date "2020.07.20"]
[Round "3.14"]
[White "Polak, Radim"]
[Black "Valencik, Jozef"]
[Result "1/2-1/2"]
[WhiteElo "1796"]
[BlackElo "2079"]
[Annotator "TA"]
[PlyCount "146"]
[EventDate "2020.07.18"]
[EventType "swiss"]
[EventCountry "CZE"]
[SourceTitle "playchess.com"]
[Source "ChessBase"]
[SourceQuality "1"]

{[%evp 10,146,4,-2,7,0,0,0,0,0,0,0,0,0,0,0,0,0,0,0,29,0,0,-30,43,21,41,15,15,9,54,61,54,53,55,30,43,0,0,0,0,0,0,-188,-210,-1138,-1134,-1107,-1105,-1016,-479,-1479,-1458,-1613,-1604,-1368,-764,-5297,-3893,-5727,-1657,-1349,-763,-713,-190,-161,-145,-145,-137,-141,-87,-87,-87,-87,-89,-69,-82,-85,-83,-183,-54,-331,-331,-331,-331,-331,-331,-331,-330,-331,-331,-504,-348,-1716,-1619,-1689,-1462,-5631,-5460,-12792,-8,-8,-8,0,0,0,0,0,0,0,0,0,0,0,0,0,0,0,0,0,0,0,0,0,0,0,-8,-8,0,-8,0,-8,-14,-14,-14,0,0,0,0]} 1. d4 d5 2. Nf3 Nf6 3. e3 Bg4 4. Bd3 e6 5. c3 c6 6. Nbd2 Bd6 {D04: Colle System.} 7. e4 dxe4 8. Nxe4 Nxe4 9. Bxe4 Nd7 10. O-O Nf6 11. Bc2 Qc7 12. h3 Bh5 13. Re1 O-O-O {[#]} 14. Qe2 $146 ({Predecessor:} 14. b4 Kb8 15. Rb1 Rhe8 16. b5 cxb5 17. Rxb5 Qxc3 18. Re3 Qc7 19. Reb3 Rc8 20. Rxb7+ Qxb7 21. Rxb7+ Kxb7 {1-0 (38) Mamedjarova,Z (2280)-Petrova,I (2164) Antalya 2019}) 14... Rhe8 15. g4 Bg6 16. Ne5 c5 (16... Bxc2 $11 17. Qxc2 h5) 17. Ba4 Rh8 18. Bf4 Nd5 19. Bg3 Nb6 (19... f6 $5 {[%cal Rf6e5]} 20. Nxg6 hxg6 21. Qxe6+ Kb8 22. Qxd5 Bxg3 $14) 20. dxc5 Qxc5 21. b4 Qc7 22. Bb3 {Strongly threatening Rad1.} Nd7 23. Rad1 Nxe5 24. Rxd6 Qxd6 25. Bxe5 Qd3 26. Qb2 $2 (26. Bxg7 $11 Rhg8 27. Bf6) 26... Qxh3 $19 27. Qa3 $2 (27. Qe2 Bd3 28. Qe3 Qxe3 29. Rxe3) 27... Qxg4+ 28. Bg3 Rd3 29. Kh2 Be4 {[#]} (29... Bf5 $142 30. Qc1 Qh3+ 31. Kg1 Rxg3+ 32. fxg3 Qxg3+ 33. Kh1 Bg4) 30. Qa5 {[#]} (30. Rxe4 $142 $1 {[%mdl 512]} Qxe4 31. Bc2) 30... Rxg3 $1 {[%cal Rg4h4]} 31. Qc5+ (31. fxg3 Rd8) 31... Bc6 {[%cal Rg4h4]} 32. fxg3 Qf3 {[%csl Gc6][%cal Rf3g2]} 33. Rg1 Rd8 34. Kh3 {[#]} h5 (34... e5 $142 $1 35. Qxe5 Rd6 $1 {[%mdl 512]}) 35. Qg5 h4 36. Qf4 Qxf4 $2 (36... Qh5 {White must now prevent ...hxg3+.} 37. g4 Qg6) 37. gxf4 {[%mdl 4096] Endgame KRB-KRB} g6 38. Kxh4 Rh8+ 39. Kg3 Rh1 ({Black should play} 39... Be4 40. c4 Kc7) 40. Rxh1 $17 Bxh1 {KB-KB} 41. Kg4 Kd7 42. Kg5 Ke7 $1 43. Bc2 Bc6 44. a3 {[#]} (44. c4 $17) 44... Be8 (44... b5 $1 $19 45. Bd3 Be8) 45. a4 $2 {[%mdl 8192] [#]} ({White must play} 45. c4 $1 $15) 45... f6+ $1 $19 46. Kh6 e5 47. fxe5 fxe5 48. Kg5 Kd6 49. c4 {intending a5.} b6 50. Kf6 (50. Bb3 $142 Bd7 51. Bc2) 50... a5 51. c5+ $2 (51. b5) 51... bxc5 52. bxa5 Kd5 53. Ke7 Bc6 54. Bxg6 e4 $2 {[#]} ({Better is} 54... c4 $19 55. Bf7+ Kc5 56. Bxc4 Kxc4) 55. Bxe4+ $1 $11 {[%mdl 512] The position is equal.} Kxe4 {KB-KPP} 56. Kd6 c4 57. Kxc6 {KPP-KP} c3 {( -> ...c2)} 58. a6 {Hoping for a7.} c2 59. a7 c1=Q+ 60. Kb7 Qb2+ 61. Kc7 Qg7+ 62. Kb8 Qf8+ 63. Kb7 Qe7+ 64. Kb8 Qb4+ 65. Kc7 Qa5+ 66. Kb7 $1 Qd5+ 67. Kb8 Qd6+ 68. Kb7 $1 Qb4+ 69. Kc7 $132 {[%mdl 2048] White is fighting back} Qe7+ 70. Kb8 Qd8+ 71. Kb7 Qd7+ 72. Kb8 Qd6+ 73. Kb7 $1 Qb4+ {And White is the lucky defender. Accuracy: White = 47%, Black = 63%.} 1/2-1/2

[Event "3. Open Bohumin 2020"]
[Site "Bohumin"]
[Date "2020.07.20"]
[Round "3.15"]
[White "Zurawicki, Jakub"]
[Black "Starosta, Martyna"]
[Result "1/2-1/2"]
[WhiteElo "1806"]
[BlackElo "2079"]
[Annotator "TA"]
[PlyCount "93"]
[EventDate "2020.07.18"]
[EventType "swiss"]
[EventCountry "CZE"]
[SourceTitle "playchess.com"]
[Source "ChessBase"]
[SourceQuality "1"]

{[%evp 19,93,-62,-58,-63,-53,-56,-56,-82,0,-49,53,-17,0,-6,9,13,72,76,96,30,33,0,4,-35,-30,-34,-29,-37,-10,-6,0,-10,-4,-7,7,7,14,0,0,-16,-14,-6,0,-12,0,-8,-8,-8,0,0,0,0,0,0,0,0,0,0,0,0,79,0,46,0,72,0,8,0,0,0,0,0,0,0,32,32]} 1. d4 Nf6 2. c4 g6 3. Nc3 Bg7 4. e4 d6 5. Nf3 O-O 6. Be2 e5 7. dxe5 dxe5 8. Qxd8 Rxd8 9. Bg5 Re8 10. Bxf6 Bxf6 11. O-O {E92: King's Indian: Classical: 6 Be2 e5: 7 dxe5, 7 Be3 and Petrosian System without 7...Nbd7.} c6 {[#]} 12. b4 $146 ({Predecessor:} 12. h3 Na6 13. Nh2 Nc5 14. Rad1 Ne6 15. Ng4 Bg7 16. Ne3 h5 17. Nc2 Nf4 18. Bf3 Be6 {0-1 (42) Lorinczy,L (1876)-Egyed,Z (2110) Hungary 2013}) 12... Na6 13. a3 {Black is slightly better.} Bd8 (13... Nc7 $17) 14. Nd2 f5 (14... Nc7 $15) 15. f3 (15. c5 $14) 15... Nc7 16. c5 Be6 17. Nc4 Bxc4 (17... Bg5 $11 {keeps the balance.}) 18. Bxc4+ $16 Kf8 19. Rfd1 ({Better is} 19. exf5 $16 {aiming for Ne4.} gxf5 20. Bd3) 19... Bg5 $11 20. Rd3 Rad8 21. Rad1 Rd4 22. Bb3 Red8 23. Bc2 Ne6 24. exf5 gxf5 25. Ne2 Rxd3 26. Rxd3 Nd4 27. Nxd4 exd4 {[%mdl 4096] Endgame KRB-KRB} 28. Kf1 Ke7 29. g3 Be3 30. f4 Kf6 31. Rd1 a5 32. Ke2 axb4 33. axb4 Ra8 34. Rb1 Ra2 35. Kd3 Ra3+ 36. Rb3 Rxb3+ 37. Bxb3 {KB-KB} Bg1 38. h3 Bh2 39. g4 Bg1 (39... fxg4 $11 40. hxg4 Bxf4) 40. Ba4 (40. g5+ $16 Ke7 41. Bg8) 40... Ke6 41. Bb3+ Kf6 $1 42. Ba4 ({White should play} 42. g5+ $16 Ke7 43. Bg8) 42... Be3 43. b5 cxb5 44. Bxb5 Bxf4 45. Kxd4 Be5+ 46. Kd5 {[#] Black must now prevent g5+!} h6 47. gxf5 {Accuracy: White = 71%, Black = 75%.} 1/2-1/2

[Event "3. Open Bohumin 2020"]
[Site "Bohumin"]
[Date "2020.07.20"]
[Round "3.16"]
[White "Cempel, Jaroslav"]
[Black "Terpstra, Wiep"]
[Result "0-1"]
[WhiteElo "2045"]
[BlackElo "1803"]
[Annotator "TA"]
[PlyCount "52"]
[EventDate "2020.07.18"]
[EventType "swiss"]
[EventCountry "CZE"]
[SourceTitle "playchess.com"]
[Source "ChessBase"]
[SourceQuality "1"]

{[%evp 9,52,-5,53,37,43,27,41,26,47,62,53,-46,-35,-69,-79,-85,-86,-83,-97,-147,-131,-190,-190,-174,-15,-122,-115,-126,-141,-122,-124,-205,-135,-134,-113,-128,-97,-192,-112,-114,-101,-216,-225,-360,-371]} 1. e4 d6 2. d4 e5 3. Nf3 exd4 4. c3 g6 {[#]} 5. h4 $146 ({Predecessor:} 5. cxd4 Bg7 6. Nc3 Bg4 7. Be2 Ne7 8. Qb3 Qc8 9. Ng5 O-O 10. Bc4 d5 11. Nxd5 Nxd5 12. Bxd5 {1-0 (36) Saldana,R (1680)-Olaya,E Florencia 2015}) 5... Bg4 ({Black should try} 5... dxc3 $11 6. Nxc3 Nc6) 6. Bc4 {Strongly threatening Qb3. C41: Philidor Defence.} Bxf3 7. Qxf3 {[%csl Gc4][%cal Rf3f7] [#]} Qf6 8. Qe2 {White is slightly better.} Bh6 9. Bxh6 Nxh6 10. h5 (10. Qd2 $14 Ng8 11. cxd4 (11. Qxd4 Nc6 $11)) 10... Qg5 11. Nd2 dxc3 12. bxc3 Nd7 13. hxg6 hxg6 14. Nf3 Qf6 ({Of course not} 14... Qxg2 $6 15. Rh2 $11) 15. Qd2 (15. Nd4 $17) 15... O-O-O $19 16. O-O-O Ne5 $2 (16... Ng4 $19 {Threatening ...Nc5.} 17. Rxh8 Rxh8) 17. Be2 (17. Nxe5 $11 {was the only way to keep the balance.} Qxe5 18. Bd5) 17... Nhg4 $17 18. Rxh8 Rxh8 19. Nxe5 Nxe5 20. Qd4 (20. f4 $17 Nc6 21. Bg4+ Kb8 22. g3) 20... Nd7 21. Bg4 Qxd4 22. cxd4 Kd8 23. f3 (23. Kd2 $17) 23... Ke7 (23... Nf6 $19 24. Bh3 d5) 24. Kd2 c5 25. d5 (25. Bxd7 $17 Kxd7 26. Ke3) 25... Ne5 $19 26. Bh3 {[#]} (26. Rb1 {might work better.}) 26... Nxf3+ $1 {[%mdl 512] Accuracy: White = 36%, Black = 62%.} 0-1

[Event "3. Open Bohumin 2020"]
[Site "Bohumin"]
[Date "2020.07.20"]
[Round "3.17"]
[White "Pekarek, Ales"]
[Black "Obrochta, Lena"]
[Result "1/2-1/2"]
[WhiteElo "2279"]
[BlackElo "1761"]
[Annotator "TA"]
[PlyCount "131"]
[EventDate "2020.07.18"]
[EventType "swiss"]
[EventCountry "CZE"]
[SourceTitle "playchess.com"]
[Source "ChessBase"]
[SourceQuality "1"]

{[%evp 21,131,0,37,20,30,-11,-7,0,0,0,0,-19,0,-16,-16,-4,-18,-22,0,-2,0,-9,0,-43,-16,-16,60,55,56,56,57,53,59,58,87,84,104,108,134,117,127,110,110,105,128,95,105,50,69,62,47,0,0,0,0,-4,0,-16,-2,-24,0,0,0,0,0,0,0,0,0,-18,0,0,0,0,27,37,382,0,0,0,0,-120,0,0,0,0,0,0,0,0,0,0,0,0,0,0,0,0,611,0,0,0,0,0,0,0,546,-29976,0,-29977,-29978,-29999]} 1. e4 c5 2. c3 d5 3. exd5 Qxd5 4. d4 Nf6 5. Nf3 Bg4 6. Be2 e6 7. h3 Bh5 8. O-O Nc6 9. Be3 cxd4 10. cxd4 Be7 11. Nc3 Qa5 12. Qb3 {B22: Sicilian: 2 c3.} Qb4 13. Qc2 O-O 14. a3 {The position is equal.} Qd6 15. Rfd1 a6 16. Rac1 Rfd8 {[#]} 17. Na4 $146 ({Predecessor:} 17. b4 Rac8 18. Qd2 Qb8 19. Qa2 Nd5 20. Nxd5 exd5 21. Kh1 Qd6 22. Ng1 Bxe2 23. Nxe2 {0-1 (50) Lu,A-Small,G (2249) Los Angeles 2011}) 17... Bg6 18. Bd3 Bxd3 19. Qxd3 b5 20. Nc5 Qd5 21. b4 a5 22. Qc3 Bxc5 23. Qxc5 Ra6 (23... axb4 $11 24. axb4 (24. Qxc6 Qxc6 25. Rxc6 bxa3 $15) 24... Rdc8) 24. Ne5 $36 {[%cal Re5c6][%mdl 2048] White is pushing.} Qxc5 $1 25. dxc5 Nd5 $1 26. Nxc6 Rxc6 27. bxa5 Ra8 28. Bd2 h6 29. Bb4 Kh7 30. g3 g5 31. Rd3 Kg6 32. Kg2 f5 33. Bd2 Rac8 34. Rb3 (34. Re1 $16) 34... Rxc5 35. Rxc5 Rxc5 {[%mdl 4096] Endgame KRB-KRN} 36. a6 {Hoping for a7.} Rc6 $1 37. Rxb5 Rxa6 38. Rb3 Kf6 39. Kf3 Ra4 40. Ke2 Ke5 41. Kd3 Rd4+ 42. Kc2 Rc4+ 43. Kd3 Rd4+ 44. Ke2 Ra4 45. Rd3 Kd6 46. f4 Re4+ 47. Kf3 Kc5 {aiming for ...Kc4.} 48. fxg5 Kc4 $2 {[%mdl 8192]} ({Black should try} 48... hxg5 $14 49. Bxg5 e5) 49. gxh6 $2 (49. Rxd5 $1 $18 {And now Rc5+! would win.} Kxd5 50. g6 (50. gxh6 Ra4 $11)) 49... Kxd3 $11 50. h7 Kxd2 51. h4 (51. h8=Q $11 Re3+ {[%mdl 64] Double Attack} 52. Kg2 Re2+ 53. Kh1 Re1+ 54. Kh2 Re2+ 55. Kg1 Re1+ 56. Kh2 Re2+ 57. Kh1 Re1+ 58. Kg2 Re2+ 59. Kh1) 51... Re3+ (51... Re2 $1 $17 52. h8=Q e5) 52. Kg2 Re2+ 53. Kh3 {Strongly threatening h5.} Nf6 {( -> ...Ng4)} 54. h8=Q {KQ-KRN} Ng4 $1 {[%csl Gg4][%cal Re2h2]} 55. Qd4+ Kc2 {[%csl Gg4][%cal Re2h2]} 56. Qc4+ Kd2 {[%csl Gg4][%cal Re2h2]} 57. Qd4+ Kc2 {[%csl Gg4][%cal Re2h2]} 58. Qc4+ Kd1 {[%csl Gg4][%cal Re2h2]} 59. Qd3+ Rd2 $2 {[%mdl 8192] [#]} (59... Ke1 $11 60. Qc3+ Kd1 61. Qd3+ Ke1 62. Qc3+ Kd1 63. Qd3+) 60. Qf1+ $2 ({White has to play} 60. Qb1+ $1 $18 Ke2 61. h5) 60... Kc2 {[%csl Gg4][%cal Rd2h2]} 61. Qc4+ Kb2 {[%csl Gg4][%cal Rd2h2]} 62. Qb4+ {[%mdl 64] Double Attack} Kc1 {[%csl Gg4][%cal Rd2h2]} 63. Qc3+ Rc2 $2 {[%mdl 8192] [#]} (63... Kd1 $1 $11 64. Qa1+ Kc2 65. Qa2+ Kc3 66. Qa1+ Kc2) 64. Qe1+ $2 (64. Qa1+ $1 $18 Kd2 65. h5) 64... Kb2 {[%csl Gg4][%cal Rc2h2]} 65. Qb4+ $2 {[%mdl 8192]} (65. Qg1 $11) 65... Ka2 {[%csl Gg4][%cal Rc2h2]} 66. Qc3 {[%mdl 32768] Accuracy: White = 72%, Black = 78%. . An unexpected result.} 1/2-1/2

[Event "3. Open Bohumin 2020"]
[Site "Bohumin"]
[Date "2020.07.20"]
[Round "3.18"]
[White "Dziendziel, Mateusz"]
[Black "Horvath, Tomas"]
[Result "0-1"]
[WhiteElo "1768"]
[BlackElo "2027"]
[Annotator "TA"]
[PlyCount "122"]
[EventDate "2020.07.18"]
[EventType "swiss"]
[EventCountry "CZE"]
[SourceTitle "playchess.com"]
[Source "ChessBase"]
[SourceQuality "1"]

{[%evp 12,122,-6,-26,23,20,27,30,20,-44,-45,-32,4,0,109,17,7,0,22,4,8,14,85,76,65,60,119,-61,-83,-85,-10,-238,-235,-348,-354,-348,-354,-344,-334,-322,-333,-418,-418,-418,-422,-422,-422,-410,-399,-416,-422,-408,-389,-445,-443,-438,-445,-516,-487,-507,-458,-518,-452,-446,-437,-444,-382,-382,-382,-382,-382,-425,-368,-574,-568,-567,-556,-541,-500,-500,-494,-500,-476,-556,-462,-589,-589,-589,-589,-589,-589,-589,-589,-649,-633,-896,-880,-889,-878,-837,-796,-1112,-1000,-29956,-29938,-29982,-29984,-29985,-29986,-29986,-29987,-29987,-29988]} 1. e4 e6 2. d4 d5 3. Nc3 Bb4 4. Nge2 dxe4 5. a3 Bxc3+ 6. Nxc3 Nc6 7. Bb5 f5 {C15: French: 3 Nc3 Bb4: Unusual White 4th moves.} 8. f3 exf3 9. Qxf3 Bd7 {[#] White has an edge.} 10. Qg3 $146 ({Better is} 10. Bf4 $11 a6 11. Bd3) ({Predecessor:} 10. Be3 a6 11. Be2 Nf6 12. O-O-O Qe7 13. Bf4 O-O-O 14. Rhe1 Be8 15. Qe3 Qd7 16. Kb1 {½-½ (32) Raby,E (1922)-Grummitt,W (2049) ICCF email 2018}) 10... Nf6 11. Bg5 O-O 12. O-O-O Na5 (12... Ne7 $11) 13. Qe5 (13. Be2 $16) 13... c6 $1 $11 {[%cal Rc6b5]} 14. Bd3 b6 15. b4 Nb7 16. Ba6 Rb8 (16... Bc8 $11 {keeps the balance.}) 17. Bf4 $16 Qe7 18. Rhe1 $1 Ng4 (18... Nh5 $14) 19. Qxb8 $2 (19. Qe2 $16) 19... Rxb8 $15 20. Bxb8 {[#] Threatens to win with h3.} Nd6 (20... Qf8 $1 $17 {[%cal Rf8b8]} 21. Be5 Nd6) 21. h3 $2 {White does not recover from this.} (21. d5 $1 $11 Qf6 22. dxe6) 21... Nf2 $19 22. Bxd6 (22. Rd2 {is a better defense.} Nde4 23. Nxe4 Nxe4 24. Rd3) 22... Qxd6 23. Rd2 Qg3 $1 {[%csl LRc3,LRg2][%mdl 64] Double Attack} 24. Kb2 {[#]} Nd3+ $1 {[%mdl 576] Discovered Attack} 25. Bxd3 {aiming for Rde2.} Qxe1 26. Re2 Qh4 27. Bc4 Qxd4 28. Bxe6+ Bxe6 29. Rxe6 {[%mdl 4096] Endgame KQ-KRN} Qd7 30. Re3 g5 31. Rd3 Qe7 32. b5 cxb5 33. Nxb5 Qe5+ 34. Nd4 Kf7 35. Kc3 h5 36. Kd2 {If White can now play Nxf5! this consolidates a bit.} g4 37. hxg4 fxg4 38. g3 {[#]} h4 $1 39. gxh4 Qh2+ 40. Ne2 Qxh4 41. Ng3 Qh2+ 42. Kc3 (42. Ne2 $142) 42... Kf6 43. Re3 Kg5 44. Kd3 Qh7+ 45. Kd2 Qd7+ 46. Rd3 Qb5 47. Ke2 Kf4 48. Nf1 a5 49. Kd2 Qc5 {Strongly threatening ...Qf2+.} 50. Ng3 b5 51. Ne2+ Kg5 52. Ng3 {And now Ne4+ would win.} Kh4 53. Ne4 Qe5 54. Re3 Qd4+ 55. Ke2 b4 {White must now prevent ...bxa3.} 56. axb4 Qxb4 57. Ng3 Qc4+ {Black mates.} 58. Kd2 Qd4+ 59. Ke2 {[#]} Qxe3+ $1 {[%mdl 576] Remove Defender} 60. Kxe3 Kxg3 61. c4 Kh2 {Accuracy: White = 46%, Black = 78%.} 0-1

[Event "3. Open Bohumin 2020"]
[Site "Bohumin"]
[Date "2020.07.20"]
[Round "3.19"]
[White "Grochol, Kamil"]
[Black "Petrov, Nikolaj"]
[Result "1-0"]
[WhiteElo "2023"]
[BlackElo "1760"]
[Annotator "TA"]
[PlyCount "93"]
[EventDate "2020.07.18"]
[EventType "swiss"]
[EventCountry "CZE"]
[SourceTitle "playchess.com"]
[Source "ChessBase"]
[SourceQuality "1"]

{[%evp 9,93,0,70,68,133,136,157,145,140,144,195,66,635,399,393,389,383,397,404,387,439,436,448,423,423,408,415,398,410,355,445,333,330,314,310,310,411,310,299,292,456,439,428,366,434,400,489,452,671,670,664,663,653,660,618,639,656,571,656,666,666,665,683,687,756,723,651,629,688,679,6102,6088,4702,4666,2195,2050,29986,29987,29988,29989,29989,29989,29991,29992,29992,29993]} 1. d4 d5 2. Bf4 Nf6 3. e3 g6 4. Nc3 Bg7 5. h4 Nc6 ({Better is} 5... c6 $11) 6. Nb5 $14 {D00: 1 d4 d5: Unusual lines.} e5 (6... O-O $14) 7. dxe5 $16 Nh5 {[#]} 8. Qxd5 $146 {White is clearly better.} ({Predecessor:} 8. Bg5 f6 9. exf6 Nxf6 10. Bf4 O-O 11. Nxc7 Bf5 12. Bd3 Ne4 13. Bxe4 Bxe4 14. Ne6 {1-0 (38) Stubbs,O (1660)-Gill,G (1514) Llandudno 2017}) 8... Qe7 9. Bg5 Qxe5 (9... Qb4+ $16 10. Qd2 (10. c3 Qxb2 11. Nxc7+ {[%mdl 64] Double Attack} Kf8 $14) 10... Qxd2+ 11. Kxd2 O-O) 10. Nf3 $40 {[%mdl 128] White mounts an attack.} (10. Qxe5+ $18 Bxe5 11. Nf3) 10... Be6 $2 {[%mdl 8192] Black cannot hold the game after this.} (10... Qxd5 $14 11. Nxc7+ {[%mdl 64] Double Attack} Kf8 12. Nxd5 h6) 11. Qxe5 Nxe5 12. Nxc7+ {[%mdl 64] [#] Double Attack} Kd7 13. Nxa8 Nxf3+ 14. gxf3 Rxa8 15. O-O-O+ Kc6 16. a4 f6 17. Bf4 Nxf4 18. exf4 a6 19. Bd3 Bh6 20. b4 Bxf4+ 21. Kb2 Be5+ 22. c3 Rc8 23. h5 Kb6 24. Rc1 ({Much less strong is} 24. hxg6 hxg6 25. Rc1 (25. Bxg6 Rc4 $18) 25... Bd5 $18) 24... Rd8 (24... a5 {was called for.} 25. hxg6 hxg6 26. bxa5+ (26. Bxg6 axb4 27. Be4 Ka5 $14) 26... Kxa5) 25. hxg6 hxg6 26. Bxg6 Rc8 27. Rhe1 {aiming for f4!} Rc4 28. Re4 Rc7 (28... a5 $142 29. bxa5+ Kxa5 30. Rxc4 Bxc4) 29. f4 Rg7 30. fxe5 Rxg6 31. exf6 Rxf6 $18 {[%mdl 4096] Endgame KRR-KRB} 32. f4 Bf5 33. Rd4 Rh6 34. c4 Rh2+ 35. Kb3 Rh3+ 36. Rc3 Rh1 37. c5+ Ka7 38. Rd6 Rf1 39. c6 Rxf4 40. c7 {Rf6! would kill now.} Bc8 41. Rd8 Be6+ 42. Ka3 a5 43. bxa5 {White mates.} b5 44. axb5 Rf1 45. c8=Q {[%cal Rc8c7]} Ra1+ {[#]} 46. Kb2 $1 {[%cal Rc8c7]} Ra2+ 47. Kb1 {Accuracy: White = 72%, Black = 37%.} 1-0